Name that Pope 2 Quiz Stats

 Plays Quiz not verified by Sporcle

Support Sporcle.
Go Orange.
Score 0/16 Timer 07:00
0 Plays Today
% Correct
Benedict XVI (21st C)
39.6%
Alexander III (12th C)
35.2%
Pius IX (19th C)
31.9%
Celestine V (13th C)
31.9%
Calixtus III (15th C)
27.5%
John II (6th C)
23.1%
Leo XIII (19th C)
20.9%
Pius X (20th C)
18.7%
% Correct
Sylvester I (4th C)
18.7%
Silverius (6th C)
17.6%
Lucius I (3rd C)
17.6%
Gregory XV (17th C)
16.5%
Gregory III (8th C)
14.3%
Gregory XVI (19th C)
14.3%
Nicholas I (9th C)
13.2%
Clement VIII (16th C)
13.2%

You're not logged in!

Compare scores with friends on all Sporcle quizzes.
OR
Log In

From the Vault

4x4 Image Crossword: Logos

by bhenderson79

This crossword is really on-brand.
Remove Ads.
Support Sporcle.
Get the best of Sporcle when you Go Orange. This ad-free experience offers more features, more stats, and more fun while also helping to support Sporcle. Thank you for becoming a member.

Show Comments

Extras

Top Quizzes Today


Score Distribution

Your Account Isn't Verified!

In order to create a playlist on Sporcle, you need to verify the email address you used during registration. Go to your Sporcle Settings to finish the process.

Report this User

Report this user for behavior that violates our Community Guidelines.

Details: